000 00502nam a22001697a 4500
005 20251108172926.0
008 250721s2005 xx 000 0 ara d
082 1 4 _aم/657.3/ حما
100 1 _aحماد، طارق عبدالعال
245 1 0 _aالتقارير المالية /
264 1 _aالإسكندرية :
_bالدارالجامعية،
_c2005.
300 _a1021ص
650 1 7 _aالتقارير المالية
650 1 7 _aالمحاسبة
942 _2ddc
_cREF
999 _c91977
_d91977